Bat'as Menschen : Rationalisierung, social engineering und Differenzierung in der tschechoslowakischen Unternehmensstadt Zlín, 1918-1948

Saved in:
Bibliographic Details
Main Author Feindt, Gregor (Author)
Format Book
LanguageGerman
Published Göttingen : Vandenhoeck & Ruprecht, [2026]
SeriesVeröffentlichungen des Instituts für Europäische Geschichte Mainz
Subjects
ISBN978-3-525-37109-1
ISSN0537-7919 ;
Physical Description563 stran : ilustrace (některé barevné) ; 24 cm

Cover

LEADER 00000nam a2200000 i 4500
001 115569
003 CZ ZlUTB
005 20260430151903.0
007 ta
008 260430t20262026gw a f 001 0 ger d
020 |a 978-3-525-37109-1  |q (vázáno) 
040 |a ZLD002  |b cze  |e rda 
043 |a e-xr---  |a e-xr-zl 
045 |a x1x4 
072 7 |a 658  |x Řízení a správa podniku  |2 Konspekt  |9 4 
080 |a 658.114.2/.6  |2 MRF 
080 |a 658  |2 MRF 
080 |a 005.56  |2 MRF 
080 |a 331.34  |2 MRF 
080 |a (437.323)  |2 MRF 
080 |a (437.23)  |2 MRF 
080 |a (048.8)  |2 MRF 
100 1 |a Feindt, Gregor  |4 aut 
245 1 0 |a Bat'as Menschen :  |b Rationalisierung, social engineering und Differenzierung in der tschechoslowakischen Unternehmensstadt Zlín, 1918-1948 /  |c von Gregor Feindt 
264 1 |a Göttingen :  |b Vandenhoeck & Ruprecht,  |c [2026] 
264 4 |c ©2026 
300 |a 563 stran :  |b ilustrace (některé barevné) ;  |c 24 cm 
336 |a text  |b txt  |2 rdacontent 
337 |a bez média  |b n  |2 rdamedia 
338 |a svazek  |b nc  |2 rdacarrier 
490 1 |a Veröffentlichungen des Instituts für Europäische Geschichte Mainz,  |x 0537-7919 ;  |v Band 275 
504 |a Obsahuje bibliografii, bibliografické odkazy a rejstřík 
600 1 7 |a Baťa, Tomáš,  |d 1876-1932  |7 jk01011102  |2 czenas 
610 2 7 |a Baťovy závody (firma)  |7 ko2002101658  |2 czenas 
648 7 |a 1918-1948  |7 ch501252  |2 czenas 
650 0 7 |a řízení a správa společností  |7 ph182334  |2 czenas 
650 0 7 |a podnikový management  |7 ph115763  |2 czenas 
650 0 7 |a participativní management  |7 ph191874  |2 czenas 
650 0 7 |a sociální politika podniku  |7 ph137752  |2 czenas 
650 0 9 |a corporate governance  |2 eczenas 
650 0 9 |a industrial management  |2 eczenas 
650 0 9 |a participative management  |2 eczenas 
650 0 9 |a corporate social policy  |2 eczenas 
651 7 |a Zlín (Česko)  |7 ge128609  |2 czenas 
651 9 |a Zlín (Czechia)  |2 eczenas 
655 7 |a monografie  |7 fd132842  |2 czenas 
655 9 |a monographs  |2 eczenas 
710 2 |a Vandenhoeck & Ruprecht  |7 xx0090782  |4 pbl 
830 0 |a Veröffentlichungen des Instituts für Europäische Geschichte Mainz 
910 |a ZLD002 
942 |2 udc 
952 |0 0  |1 0  |4 0  |5 0  |6 658FEINDTG  |7 -1  |8 BOOK  |9 190951  |a UTBZL  |b UTBZL  |c 031  |d 2026-04-30  |l 0  |o 658/FEINDT,G.  |p 420010202057  |r 2026-04-30 15:19:53  |v 1488.00  |w 2026-04-30  |x N:nákup  |y 01 
992 |a BK  |b SKNEW 
999 |c 115569  |d 115569